000 00540nam a2200181Ia 4500
001 25038
005 20260414151123.0
008 260414t2022||||xx |||||||||||||| ||spa||
041 _aESP
082 _a346.11
_bH46
100 _aHerrera de las Heras, Ramón,
_eAUT
245 0 _aAspectos legales de la inteligencia artificial :
_bersonalidad jurídica de los robots, protección de datos y responsabilidad civil
260 _c2022
300 _a121 páginas :
_c24 cm.
650 _aDER
654 _aCDE
942 _cLIB
_dJUS
_fJUS
_2ddc
_n
999 _c25038
_d25038